| 000 | 00000nam##2200000za#4500 |
| 001 | 9.615655 |
| 003 | CaOODSP |
| 005 | 20210615101227 |
| 007 | ta |
| 008 | 150406|2000||||xxc||||| f|0| 0 eng|d |
| 020 | |a0-662-30744-5 |
| 040 | |aCaOODSP|beng |
| 043 | |an-cn--- |
| 086 | 1 |aNH18-24/19E |
| 110 | 2 |aCanada Mortgage and Housing Corporation. |
| 245 | 10|aInsulating your house |
| 260 | |aOttawa - Ontario : |bCanada Mortgage and Housing Corporation |c2000. |
| 300 | |a4p. : |billus. ; |c28 cm. |
| 490 | 1 |aAbout your house |vCE19 |
| 563 | |aPamphlet |
| 590 | |a01-24|b2001-06-15 |
| 690 | 07|aConstruction materials|2gcpds |
| 690 | 07|aInsulation|2gcpds |
| 775 | 08|tL'isolation de votre maison |w(CaOODSP)9.625697 |
| 776 | 0#|tInsulating your house |w(CaOODSP)9.571792 |
| 830 | #0|aAbout your house ;|vCE19|w(CaOODSP)9.514828 |